| 000 | 01087cam a22002054a 4500 | ||
|---|---|---|---|
| 005 | 20250605163959.0 | ||
| 008 | 250528s ||||||||||||||||||||||||d | ||
| 035 | _a15570 | ||
| 020 | _a1562051067 | ||
| 040 |
_aGR-AtMCL _bgre _dGR-AtMCL _eAACR2 |
||
| 245 | 1 | _aΕγχειρίδιο του Ami Pro 3 / 2η Αμερικάνικη Έκδοση | |
| 250 | _a2η | ||
| 260 |
_bΓκιούρδας, _c1993 |
||
| 300 | _a358 | ||
| 520 | _aΓια τις Εκδόσεις 2 & 3, Δημιουργία Εγγράφων, Προσθήκη Γραφικών, Χρήση Δυναμικών Χαρακτηριστικών: Συγχωνεύσεις Εγγράφων - Μακροεντολές - Πίνακες και Άλλα. Εισαγωγή, Θεμελιώδεις ΄΄Έννοιες του AMI PRO, Δουλεύοντας με τα Έγγραφα σας, Δουλεύοντας με τα Γραφικά, Δουλεύοντας με τα Δυναμικά Χαρακτηριστικά, Ευρετήριο. | ||
| 700 | 1 |
_aBixby Robert _91522 |
|
| 942 | _cBK | ||
| 999 |
_c1140 _d1140 |
||